| 000 | 00951nam a2200205 a 4500 | ||
|---|---|---|---|
| 001 | 000040706 | ||
| 005 | 20201002034323.0 | ||
| 008 | 090702s2013 dr 000 0 spa d | ||
| 040 |
_aDO-SdBNP _bspa _cBNPHU |
||
| 082 |
_a347.035 _bR426r, 2012 |
||
| 110 | 1 |
_aRepública Dominicana _bSuprema Corte de Justicia. _97906 |
|
| 245 | 1 | 0 |
_aRecopilación jurisprudencial integrada : _bde las decisiones del tribunal constitucional de la Dominicana (sentencias año 2012) / _cL. Almanzor González Canahuate [compilador]. |
| 260 |
_aSanto Domingo : _bSuprema Corte de Justicia , _c2013. |
||
| 300 |
_a774 p. ; _c24 cm. |
||
| 590 | _aInventariado, 2020/MFF | ||
| 650 | 4 |
_aJurisprudencia _zRepública Dominicana _xRecopilaciones, repertorios, etc. _y2012 _967085 |
|
| 650 | 4 |
_aSentencias _zRepública Dominicana _xRecopilaciones, repertorios, etc. _y2012 _967086 |
|
| 700 | 1 | 2 |
_aGonzález Canahuate, L. Almanzor, _ecomp. _95213 |
| 910 | _aValidado. Control de calidad MFF | ||
| 999 |
_c40196 _d40196 |
||